STN EN 60077 Dráhové aplikácie elektrické zariadenia koľajových vozidiel časť 2: elektronické súčasti všeobecné pravidlá

Bibliographic Details
Format: Book
Language:Undetermined
Published: Bratislava Slovenský ústav technickej normalizácie 2004
Edition:[1.vyd.]
Subjects:

MARC

LEADER 00000nam a2200000 a 4500
001 vtls001474261
003 SK-MaSNL
005 20260301122056.0
008 160624s2004 xo 0 und
035 |a SNK000429562 
040 |a SNK  |b slo  |c SNK  |e AACR2 
044 |a xo  |c SK 
245 1 |a STN EN 60077 Dráhové aplikácie  |b elektrické zariadenia koľajových vozidiel  |n časť 2:  |p elektronické súčasti  |p všeobecné pravidlá 
250 |a [1.vyd.] 
260 |a Bratislava  |b Slovenský ústav technickej normalizácie  |c 2004 
500 |a Táto norma nahrádza anglickú verziu STN EN 60077 z januára 2004 
655 7 |a normy  |2 SNK  |9 70643 
999 |c 731549  |d 733479 
952 |t P60, <03>, [BOOK], {603}  |a SNK  |b SNK  |y PREZ  |7 0  |p 17A0426952  |o snkSTN EN 60077-2  |i snkN 1942/2004  |0 0  |1 0  |4 0  |d 2004-05-03  |l 0  |r 2005-01-02 00:00:00  |w 2026-02-23 
952 |t P66, <07>, [BOOK], {667}  |a SNK  |b SNK  |y PREZ  |7 0  |p 17A0426951  |o snkSTN EN 60077-2 D1  |i snkN 1943/2004  |0 0  |1 0  |4 0  |d 2004-05-03  |l 0  |r 2005-01-02 00:00:00  |w 2026-02-23